Comment se réalisera de socialisme / (Record no. 55625)

MARC details
000 -LEADER
campo de control de longitud fija 00466nam a2200157 i 4500
001 - NÚMERO DE CONTROL
campo de control 55625
003 - IDENTIFICADOR DE NÚMERO DE CONTROL
campo de control ES-MaACL
005 - FECHA Y HORA DE LA ÚLTIMA TRANSACCIÓN
campo de control 20230906163201.0
007 - CAMPO FIJO DE DESCRIPCIÓN FÍSICA--INFORMACIÓN GENERAL
campo de control de longitud fija t|
008 - DATOS DE LONGITUD FIJA--INFORMACIÓN GENERAL
campo de control de longitud fija 030924s1919 fr ||||1| fre d
100 1# - ENTRADA PRINCIPAL--NOMBRE DE PERSONA
Nombre de persona Deslinières, Lucien.
9 (RLIN) 43893
245 10 - MENCIÓN DEL TÍTULO
Título Comment se réalisera de socialisme /
Mención de responsabilidad, etc. Lucien Deslinères.
260 ## - PUBLICACIÓN, DISTRIBUCIÓN, ETC.
Lugar de publicación, distribución, etc. Paris :
Nombre del editor, distribuidor, etc. [s.n.],
Fecha de publicación, distribución, etc. 1919 (
Lugar de fabricación/manufactura Villeneuve :
Fabricante Imp. Coopérative ouvriere)
300 ## - DESCRIPCIÓN FÍSICA
Extensión 70 p. ;
Dimensiones 19 cm.
852 ## - LOCALIZACIÓN
Ubicación ES-MaACL
Número de control de estantería F-10319
Holdings
Estatus retirado Estado de pérdida Estado de daño No para préstamo Biblioteca de origen Biblioteca actual Ubicación en estantería Fecha de adquisición Fuente de adquisición Total de préstamos Signatura topográfica completa Código de barras Visto por última vez Precio de reemplazo Tipo de ítem Koha
        Biblioteca del Ateneo de Madrid Biblioteca del Ateneo de Madrid Sala Pecera Planta 2 17/01/2008     F-10319 1058438 23/02/2023 23/02/2023 Libro impreso